=LDR 00000nam 2200000 4500 =001 INLIS000000000040362 =005 20130612145928 =008 ***********************************Ind** =035 ##$$0010-061300000040362 =041 ##$$a Ind =082 ##$$a 616 =090 ##$$a 616, Rus b =100 ##$$a Russell, Dororthy =245 ##$$a Bebas dari 6 penyakit paling mematikan/Dorothy Russell =260 ##$$a 2011 $b Yogyakrta =300 ##$$a viii, 180 hlm., 19 cm =650 ##$$a Penyakit =850 ##$$a NBPNMAT =990 ##$$a 0001/BPAP-NTB/20142015